000 00664nam a22002297a 4500
003 OSt
005 20260703093857.0
008 260703b ar ||||| |||| 00| | spa d
040 _aHCSPBA
041 _aspa
100 _aCalderón de la Barca, Pedro
245 _aComedias de don Pedro Calderón de la Barca.
_nTomo 4.
260 _aMadrid.
_bLibrería Hernando.
_c1926.
300 _a4 v.
490 _aBiblioteca de autores españoles, desde la formación del lenguaje hasta nuestros días
_v 14
650 _aTEATRO
650 _aLITERATURA
650 _aHISTORIA
651 _aESPAÑA
700 _aHartzenbusch, Juan Eugenio
_e04
942 _cLIB
999 _c65178
_d134647